Представление документа в формате RUSMARC

ПолеНазваниеЗначение
  Тип записи i
  Библиографический уровень m
001 Контрольный номер RU/IS/BASE/316779079
005 Дата корректировки 20201206204710.8
010 Индекс ISBN __
d Цена 94-00
101 Язык документа __
a Язык текста rus
c Язык оригинала rus
200 Заглавие и сведения об ответственности 1_
a Заглавие Кавказский пленник ; После бала ; Смерть Ивана Ильича
e Сведения, относящиеся к заглавию повести и рассказы : [аудиокнига]
f Первые сведения об ответственности Л. Н. Толстой ; [читает Кирилл Радциг ; гл. ред. издательства: Леонид Сурис ; рук. группы программирования: Виталий Белобров ; ред.: Светлана Сидорова]
b Общее обозначение материала Звукозапись
210 Выходные данные __
a Место издания М.
c Издательство Изд-во
d Дата издания 2009
215 Физическое описание __
a Объем 1 электрон. опт. диск (Audio CD) (4 ч. 26 мин.)
225 Серия __
a Серия Аудиобиблиотека школьника
300 Общие примечания __
a Общие примечания AudioCD ; Pentium 166 Mhz ; 64 Mb RAM ; 4-x CD-ROM ; SVGA ; Windows 98/ME/XP/2000 ; звуковая карта
323 Примечание о главных создателях, исполнителях, участниках __
a Примечание о главных создателях, исполнителях, участниках Радциг, К. (читает)
327 Примечание о содержании __
a Примечание о содержании После бала
327 Примечание о содержании __
a Примечание о содержании Смерть Ивана Ильича
330 Аннотация __
a Аннотация Включенные на CD-ROM произведения изучаются в школьной программе 5-11 классов средней школы всех уровней обучения, для классной и домашней работы.
333 Примечание о целевом назначении __
a Примечание о целевом назначении 12+. Для детей старше 12 лет
517 Другие варианты заглавия __
a Другие варианты заглавия После бала
517 Другие варианты заглавия __
a Другие варианты заглавия Смерть Ивана Ильича
606 Тематические рубрики __
a Основная рубрика Художественная литература
606 Тематические рубрики __
a Основная рубрика Русская литература XIX в. (произведения)
610 Ключевые слова __
a Ключевые слова классическая литература; повести; тема войны; тема человека; тема патриотизма; тема нравственности; рассказы
686 Индексы других классификаций __
a Классификационный индекс 84(2=411.2)52-4я04; ст84(2Рос=Рус)1-4я04
700 Автор _1
a Фамилия Толстой
b Имя Л. Н.
g Полное личное имя Лев Николаевич
4 Код отношения 070
702 Вторичная интеллектуальная ответственность _1
a Фамилия Сурис
b Имя Л.
4 Код отношения Главный редактор издательства
4 Код отношения 651
702 Вторичная интеллектуальная ответственность _1
a Фамилия Белобров
b Имя В.
4 Код отношения Руководитель группы программирования
4 Код отношения 570
702 Вторичная интеллектуальная ответственность _1
a Фамилия Сидорова
b Имя С.
4 Код отношения Редактор
4 Код отношения 340
801 Источник записи _0
a Страна RU
b Организация Муниципальное бюджетное учреждение культуры "Централизованная библиотечная система" г. Сургут (Центральная городская библиотека им. А. С. Пушкина)
g Правила каталогизации КиК/Поспелова
801 Источник записи _1
a Страна RU
b Организация Муниципальное бюджетное учреждение культуры "Централизованная библиотечная система" г. Сургут (Центральная городская библиотека им. А. С. Пушкина)
g Правила каталогизации КиК/Поспелова
852 Данные о местонахождении __
j Шифр хранения 84(2=411.2)52-4я04
c Каталожный индекс 84(2Рос=Рус)1-4я04
i Авторский знак Т 52
901 Тип документа __
t Тип документа 0
903 Характеристики (МАРС) __
a Дата передачи 20100114
969 Тип издания __
a Тип издания аудиокнига; сборник
990 Данные о заказе (DOS) __
j Количество экземпляров (DOS) 4
h N записи в КСУ для Б/У (DOS) 201001